000 00665cam a22002293a 4500
001 38851
003 PGUSA
005 20140828083846.0
008 120212s2012||||xxu|||||s|||||000 | eng d
040 _aPGUSA
_beng
042 _adc
100 1 _aPrévost, Marcel,
_d1862-1941
245 1 0 _aΗ Μάγισσα
_h[electronic resource] /
_cMarcel Prévost
260 _bProject Gutenberg,
_c2012
500 _aTranslation of: La sorcière
506 _aPublic domain in the USA.
516 _aElectronic text
700 1 _aEconomopoulos, Elias,
_d1868-1929
830 0 _aProject Gutenberg
_v38851
856 4 0 _uhttp://www.gutenberg.org/ebooks/38851
942 _cEB
999 _c268105
_d268105